Statistics for Australian Bird Names Containing 'Grey'

Click here to take the quiz!

General Stats

  • This quiz has been taken 5 times
  • The average score is 5 of 20

Answer Stats

Answer% Correct
Grey Butcherbird
100%
Grey Falcon
100%
Grey Honeyeater
67%
Grey Plover
67%
Grey Currawong
33%
Grey-fronted Honeyeater
33%
Grey Goshawk
33%
Grey-headed Honeyeater
33%
Grey Shrike-thrush
33%
Grey Teal
33%
Grey-backed Storm-Petrel
0%
Grey-crowned Babbler
0%
Grey Fantail
0%
Grey Grasswren
0%
Grey-headed Albatross
0%
Grey-headed Robin
0%
Grey-tailed Tattler
0%
Grey Ternlet
0%
Grey Whistler
0%
Mangrove Grey Fantail
0%

Score Distribution

Percentile by Number Answered

Percent of People with Each Score

Your Score History

You have not taken this quiz